00735nam a22001817a 450000500170000001000150001702000270003203500140005903700090007308200130008224501260009525000060022126000610022727000920028830000270038050000550040770000910046220240909111140.0 aENG-141550 c1000.00a9788192453460 aEN-125082 bDBAD a025.4b1 aLibrary Landscape of Future:bCommemoration volume in Honor of Prof. G.S.katti/cedited by : Ashwani A. VaishnavhEnglish a1 aAurangabadbLibrary and information science acadmyc2016 bAurangabadac/o A4, Akshay Garden Apartment,Devanagri,Shahanoorwadie431005k9422712183 axxIII,567p.c21cm(pbk) a(Commemoration volume in Honor of Prof. G.S.katti) cEd. by Ashwani A. Vaishnav,R.S.Balekar ;ASS Ed N.B.Kambleeeditor and associate editor